One world English course 3 (Dùng cho Hs THCS )

Shranjeno v:
Bibliografske podrobnosti
Format: Knjiga
Izdano: 2006
Oznake: Označite
Brez oznak, prvi označite!
Thư viện lưu trữ: Mạng thư viện Đại học Đà Nẵng
LEADER 00442nam a22001811a 4500
001 000037128
003 13423
005 20160412015102.0
008 160412s2006 000
082 |a 4N(TK)96-98 
245 |a One world English course 3 (Dùng cho Hs THCS ) 
260 |c 2006 
OWN |a LNN 
999 |a From the UDN01 
TYP |a Monograph 
980 |a Mạng thư viện Đại học Đà Nẵng